Barcelona en la mano (Record no. 163673)

MARC details
000 -LEADER
campo de control de longitud fija 00762nam a2200193 i 4500
001 - NÚMERO DE CONTROL
campo de control 163673
003 - IDENTIFICADOR DE NÚMERO DE CONTROL
campo de control ES-MaACL
005 - FECHA Y HORA DE LA ÚLTIMA TRANSACCIÓN
campo de control 20250822063219.0
008 - DATOS DE LONGITUD FIJA--INFORMACIÓN GENERAL
campo de control de longitud fija 011210s1884 sp ae |||| | spa d
040 ## - FUENTE DE CATALOGACIÓN
Centro catalogador/agencia de origen CAM
Lengua de catalogación spa
Centro/agencia transcriptor CAM
100 1# - ENTRADA PRINCIPAL--NOMBRE DE PERSONA
Nombre de persona Roca i Roca, Josep,
Fechas asociadas al nombre 1848-1924
9 (RLIN) 159948
245 10 - MENCIÓN DEL TÍTULO
Título Barcelona en la mano
Resto del título : guía de Barcelona y sus alrededores /
Mención de responsabilidad, etc. por J. Roca y Roca ; ilustrada con grabados foto-litográficos y cinco planos.
260 ## - PUBLICACIÓN, DISTRIBUCIÓN, ETC.
Lugar de publicación, distribución, etc. Barcelona :
Nombre del editor, distribuidor, etc. [s.n.],
Fecha de publicación, distribución, etc. 1884 (
Fabricante Enrique López)
300 ## - DESCRIPCIÓN FÍSICA
Extensión XVI, 375 p., 5 h. de plan. pleg. :
Otras características físicas il. ;
Dimensiones 15 cm.
651 #4 - PUNTO DE ACCESO ADICIONAL DE MATERIA--NOMBRE GEOGRÁFICO
Nombre geográfico Barcelona (Provincia)-
Subdivisión general Descripción.
9 (RLIN) 153509
651 #4 - PUNTO DE ACCESO ADICIONAL DE MATERIA--NOMBRE GEOGRÁFICO
Nombre geográfico Barcelona-
Subdivisión de forma Guías turísticas.
9 (RLIN) 7861
852 ## - LOCALIZACIÓN
Ubicación ES-MaACL
Número de control de estantería G-1094
Nota libre - Enc. tela
Holdings
Estatus retirado Estado de pérdida Estado de daño No para préstamo Colección Biblioteca de origen Biblioteca actual Ubicación en estantería Fecha de adquisición Fuente de adquisición Total de préstamos Signatura topográfica completa Código de barras Visto por última vez Precio de reemplazo Tipo de ítem Koha
        Libros del s. XIX Biblioteca del Ateneo de Madrid Biblioteca del Ateneo de Madrid Depósito 2 17/01/2008     G-1094 1171516 23/02/2023 23/02/2023 Libro impreso antiguo